| 000 | 01092cam a2200205 4500500 | ||
|---|---|---|---|
| 005 | 20260201130246.0 | ||
| 041 | _afre | ||
| 042 | _adc | ||
| 100 | 1 | 0 |
_aVincent, Anaïs _eauthor |
| 245 | 0 | 0 | _aLe sucre, pour la douceur et pour le pire |
| 260 | _c2026. | ||
| 500 | _a17 | ||
| 520 | _aLa 20e édition du festival Arabesques se tenait à Montpellier du 9 au 21 septembre 2025. Son affiche copieuse, présentant des spectacles de danse, d’humour et surtout de musique, confirmait sa réputation de plus importante manifestation européenne privée consacrée à la diversité artistique du monde arabe. Une belle occasion de revenir sur le parcours atypique et inspirant de Habib Dechraoui, fondateur de l’association UNi’SONS, puis concepteur et directeur du Festival Arabesques. | ||
| 690 | _acolonisation | ||
| 690 | _adocumentaire | ||
| 690 | _ahistoire | ||
| 690 | _asucre | ||
| 786 | 0 | _nMondes & Migrations | - | 1 | 2026-01-06 | p. 198-199 | 3075-6812 | |
| 856 | 4 | 1 | _uhttps://shs.cairn.info/revue-mondes-migrations-2026-1-page-198?lang=fr&redirect-ssocas=7080 |
| 999 |
_c1642300 _d1642300 |
||